Handbook of primary, secondary and higher education / (Record no. 126337)

MARC details
000 -LEADER
fixed length control field 00694nam a22002537a 4500
003 - CONTROL NUMBER IDENTIFIER
control field 0
005 - DATE AND TIME OF LATEST TRANSACTION
control field 20180725123032.0
008 - FIXED-LENGTH DATA ELEMENTS--GENERAL INFORMATION
fixed length control field 0
010 ## - LIBRARY OF CONGRESS CONTROL NUMBER
LC control number B-019751
020 ## - INTERNATIONAL STANDARD BOOK NUMBER
Terms of availability 00.00
International Standard Book Number 818731754
035 ## - SYSTEM CONTROL NUMBER
System control number B-019751, B-019752
037 ## - SOURCE OF ACQUISITION
Source of stock number/acquisition Cen Lib/Ret
040 ## - CATALOGING SOURCE
Original cataloging agency DPL
Language of cataloging EN
Transcribing agency 0
082 ## - DEWEY DECIMAL CLASSIFICATION NUMBER
Classification number 370
Item number RAO
100 ## - MAIN ENTRY--PERSONAL NAME
Personal name Rao, V. K.
9 (RLIN) 1596
245 ## - TITLE STATEMENT
Title Handbook of primary, secondary and higher education /
Statement of responsibility, etc by V. K. Rao
260 ## - PUBLICATION, DISTRIBUTION, ETC. (IMPRINT)
Place of publication, distribution, etc Delhi
Name of publisher, distributor, etc Rajat Publications
Date of publication, distribution, etc 1999
270 ## - ADDRESS
City Delhi
Address 4/32, Geeta Colony
Postal code 110031
300 ## - PHYSICAL DESCRIPTION
Extent 356p.
Dimensions 21cm(Hb)
500 ## - GENERAL NOTE
General note Includes index<br/>
650 ## - SUBJECT ADDED ENTRY--TOPICAL TERM
Topical term or geographic name as entry element Education
9 (RLIN) 1169
650 ## - SUBJECT ADDED ENTRY--TOPICAL TERM
Topical term or geographic name as entry element Higher education
9 (RLIN) 10182
942 ## - ADDED ENTRY ELEMENTS (KOHA)
Source of classification or shelving scheme Dewey Decimal Classification
Koha item type English Books
Classification part 370
Call number suffix RAO
Holdings
Withdrawn status Lost status Damaged status Not for loan Home library Current library Date acquired Source of acquisition Cost, normal purchase price Total Checkouts Full call number Barcode Date last seen Copy number Cost, replacement price Price effective from Koha item type Source of classification or shelving scheme Collection code
        Central Library Central Library 25/06/2015 Cen Lib/Ret 0.00   370 RAO B-019751 25/06/2015 1 0.00 25/06/2015 English Books    
        Patel Nagar Patel Nagar 25/07/2018 BPPD/PUB 550.00   370 RAO B-019752 25/07/2018   550.00 25/07/2018 English Books Dewey Decimal Classification Non-fiction

© Delhi Public Library
Hit Counter
free hit counter